Schaum's outline of theory & problems of statistics (Record no. 7840)

000 -LEADER
fixed length control field 00549nam a2200205 4500
001 - CONTROL NUMBER
control field 7840
003 - CONTROL NUMBER IDENTIFIER
control field BD-DhUET
008 - FIXED-LENGTH DATA ELEMENTS--GENERAL INFORMATION
fixed length control field 141213b/xxu||||| |||| 00| 0 eng d
020 ## - INTERNATIONAL STANDARD BOOK NUMBER
International Standard Book Number 070602271
040 ## - CATALOGING SOURCE
Original cataloging agency DLC
Language of cataloging DLC
Transcribing agency BD-DhUET
082 ## - DEWEY DECIMAL CLASSIFICATION NUMBER
Classification number 519.9
Item number SPI/1961
100 ## - MAIN ENTRY--PERSONAL NAME
Personal name Spiegel , Murray R
245 ## - TITLE STATEMENT
Title Schaum's outline of theory & problems of statistics
250 ## - EDITION STATEMENT
Edition statement 1st ed.
260 ## - PUBLICATION, DISTRIBUTION, ETC. (IMPRINT)
Place of publication, distribution, etc. Singapore
Name of publisher, distributor, etc. McGraw Hill
Date of publication, distribution, etc. 1961
300 ## - PHYSICAL DESCRIPTION
Extent 359 p.
Other physical details ill.
Dimensions 27 cm.
490 ## - SERIES STATEMENT
Series statement Schaum's Outline Series
650 #0 - SUBJECT ADDED ENTRY--TOPICAL TERM
Topical term or geographic name as entry element Statistical mathematics
942 ## - ADDED ENTRY ELEMENTS (KOHA)
Koha item type General Book
Holdings
Koha full call number Shelving location Sublocation or collection (holding branch) Withdrawn status Koha date last seen Copy number Lost status Koha normalized classification for sorting Damaged status Date acquired Piece designation (barcode) Koha issues (times borrowed) Source of classification or shelving scheme Koha date last borrowed Not for loan Koha item type Location (home branch) Price effective from
519.9/SPI/1961Circulation sectionCentral Library, BUET 2015-08-221 519_900000000000000_SPI_1961 2014-12-1325219    General BookCentral Library, BUET2014-12-13
519.9/SPI/1961Circulation sectionCentral Library, BUET 2017-02-062 519_900000000000000_SPI_1961 2014-12-1366184    General BookCentral Library, BUET2014-12-13
519.9/SPI/1961Circulation sectionCentral Library, BUET 2014-12-133 519_900000000000000_SPI_1961 2014-12-13345    General BookCentral Library, BUET2014-12-13
519.9/SPI/1961Circulation sectionCentral Library, BUET 2015-08-015 519_900000000000000_SPI_1961 2014-12-13564831 2015-08-01 General BookCentral Library, BUET2014-12-13
519.9/SPI/1961Circulation sectionCentral Library, BUET 2014-12-136 519_900000000000000_SPI_1961 2014-12-1331847    General BookCentral Library, BUET2014-12-13
519.9/SPI/1961Circulation sectionCentral Library, BUET 2014-12-137 519_900000000000000_SPI_1961 2014-12-1331828    General BookCentral Library, BUET2014-12-13
519.9/SPI/1961Circulation sectionCentral Library, BUET 2014-12-138 519_900000000000000_SPI_1961 2014-12-1331843    General BookCentral Library, BUET2014-12-13